Formación de la Afectividad, 10

-д хадгалсан:
Номзүйн дэлгэрэнгүй
Үндсэн зохиолч: Eraso D., Jorge E (Зохиогч)
Формат: Ном
Хэл сонгох:испани
Хэвлэсэн: Bogotá Educar Editores 1997
Цуврал:Serie Eduación Sexual: Educación Media
Нөхцлүүд:
Шошгууд: Шошго нэмэх
Шошго байхгүй, Энэхүү баримтыг шошголох эхний хүн болох!

MARC

LEADER 00000nam a2200000 a 4500
001 UCH6462
003 CL-VaPUC
008 091109e19970000ck |||||||||||||||||spa|d
020 |a 9580506825 
082 0 4 |a 241.4  |b ERA  |2 21 
100 0 |a Eraso D., Jorge E  |e author  |9 542999 
245 1 0 |a Formación de la Afectividad, 10 
300 |a 87 p 
942 |c BK 
945 |d 20091109 00:00:00  |a ccalabra 
260 |a Bogotá  |b Educar Editores  |c 1997 
650 0 |a Educación  |9 258661 
650 0 |a Adolescencia  |9 307361 
650 7 |a EDUCACION CRISTIANA  |2 CL-VaPUC  |9 308333 
650 0 |a Vida cristiana  |9 258753 
650 0 |a SIDA (Síndrome de Inmunodeficiencia Adquirida)  |9 256118 
650 0 |a Sexualidad  |9 358183 
650 0 |a Cristianismo  |9 257361 
583 |a last modification  |c 20150507 02:54:57  |k Rodrigo Vera 
490 0 |a Serie Eduación Sexual: Educación Media 
999 |c 337344  |d 337342